| 000 | 00708nam a2200241Ia 4500 | ||
|---|---|---|---|
| 003 | OSt | ||
| 005 | 20260227103349.0 | ||
| 008 | 210719s2021 xx 000 0 und d | ||
| 020 | _a9789389292077 | ||
| 040 | _cAL | ||
| 041 | _aeng | ||
| 082 | _a338.9 TANE | ||
| 100 |
_aTaneja M L _9257039 |
||
| 245 | _aEconomics of development and planning: with special reference to India | ||
| 260 |
_aDelhi _bVishal Publishing Co. _c2021 |
||
| 300 |
_a286+6 _bPB |
||
| 365 |
_b595 _cRs |
||
| 650 |
_aEconomic Planning _9257040 |
||
| 650 |
_aEconomics _9257041 |
||
| 700 |
_aMyer, R M _9257042 |
||
| 906 | _adevelopment ; Economics ; India ; planning ; planning: ; reference ; special ; with | ||
| 942 |
_2ddc _cBK |
||
| 999 |
_c212035 _d212035 |
||